| Tag |
First Indicator |
Second Indicator |
Subfields |
| LEADER |
00000cam a2200000Ia 4500 |
| 001 |
in00002013521 |
| 005 |
20151031154444.0 |
| 008 |
870430s1985 ru 000 1 rusod |
| 035 |
|
|
|a (OCoLC)ocm15615520
|
| 040 |
|
|
|a PIT
|c PIT
|d OCL
|d TXA
|d UtOrBLW
|
| 049 |
|
|
|a TXAM
|
| 090 |
|
|
|a PG3488.T85
|b P6 1985
|
| 100 |
1 |
|
|a Sturikov, Nikolaĭ.
|
| 245 |
1 |
0 |
|a Posledniĭ vystrel :
|b rasskazy, ocherki, dokumentalʹnai︠a︡ povestʹ /
|c Nikolaĭ Sturikov.
|
| 264 |
|
1 |
|a Cheboksary :
|b Chuvashskoe knizhnoe izd-vo,
|c 1985.
|
| 300 |
|
|
|a 269 pages ;
|c 21 cm.
|
| 336 |
|
|
|a text
|b txt
|2 rdacontent
|
| 337 |
|
|
|a unmediated
|b n
|2 rdamedia
|
| 338 |
|
|
|a volume
|b nc
|2 rdacarrier
|
| 650 |
|
0 |
|a World War, 1939-1945
|v Fiction.
|
| 948 |
|
|
|a cataloged
|b h
|c 2004/12/18
|d c
|e spoltoratski
|f 9:19:12 am
|
| 994 |
|
|
|a E0
|b TXA
|
| 999 |
|
|
|a MARS
|
| 999 |
f |
f |
|s b4fedde7-dda2-3f75-9252-a2f23ae79693
|i 2eb3757f-5fba-341f-ac48-775b5a09c68c
|t 0
|
| 952 |
f |
f |
|p ric
|a Texas A&M University
|b Rellis Campus
|c Joint Library Facility
|d Remote Storage
|t 0
|e PG3488.T85 P6 1985
|h Library of Congress classification
|i unmediated -- volume
|m A14831592524
|
| 998 |
f |
f |
|a PG3488.T85 P6 1985
|t 0
|l Remote Storage
|